LEADER 01332nam 2200349z- 450 001 9910694086403321 005 20060525115157.0 035 $a(CKB)5860000000035118 035 $a(BIP)013640107 035 $a(EXLCZ)995860000000035118 100 $a20220406c2005uuuu -u- - 101 0 $aeng 200 10$aTo lead or to follow $ethe next generation Internet and the transition to IPv6 : hearing before the Committee on Government Reform, House of Representatives, One Hundred Ninth Congress, first session, June 29, 2005 215 $a1 online resource (iii, 113 p.) $cill 311 $a0-16-074024-X 517 $aTo lead or to follow 606 $aInternet$xTechnological innovations 606 $aComputer network protocols 606 $aAdministrative agencies$xInformation technology$zUnited States 610 $aInternet 610 $aComputer network protocols 610 $aAdministrative agencies 610 $aComputers 610 $aPolitical science 615 0$aInternet$xTechnological innovations. 615 0$aComputer network protocols. 615 0$aAdministrative agencies$xInformation technology 712 02$aUnited States, Congress House Committee on Government Reform Staff,$4oth 906 $aBOOK 912 $a9910694086403321 996 $aTo lead or to follow$93115540 997 $aUNINA